<?xml version="1.0" encoding="UTF-8"?><?xml-stylesheet type="text/xsl" href="static/style.xsl"?><OAI-PMH xmlns="http://www.openarchives.org/OAI/2.0/" xmlns:xsi="http://www.w3.org/2001/XMLSchema-instance" xsi:schemaLocation="http://www.openarchives.org/OAI/2.0/ http://www.openarchives.org/OAI/2.0/OAI-PMH.xsd"><responseDate>2026-04-13T01:42:46Z</responseDate><request verb="GetRecord" identifier="oai:www.recercat.cat:2099.1/13640" metadataPrefix="marc">https://recercat.cat/oai/request</request><GetRecord><record><header><identifier>oai:recercat.cat:2099.1/13640</identifier><datestamp>2025-07-22T20:45:59Z</datestamp><setSpec>com_2072_1033</setSpec><setSpec>col_2072_452951</setSpec></header><metadata><record xmlns="http://www.loc.gov/MARC21/slim" xmlns:dcterms="http://purl.org/dc/terms/" xmlns:xsi="http://www.w3.org/2001/XMLSchema-instance" xmlns:doc="http://www.lyncode.com/xoai" xsi:schemaLocation="http://www.loc.gov/MARC21/slim http://www.loc.gov/standards/marcxml/schema/MARC21slim.xsd">
   <leader>00925njm 22002777a 4500</leader>
   <datafield ind2=" " ind1=" " tag="042">
      <subfield code="a">dc</subfield>
   </datafield>
   <datafield ind2=" " ind1=" " tag="720">
      <subfield code="a">Gogiel Salvi, Greta Luiza</subfield>
      <subfield code="e">author</subfield>
   </datafield>
   <datafield ind2=" " ind1=" " tag="260">
      <subfield code="c">2011-06</subfield>
   </datafield>
   <datafield ind2=" " ind1=" " tag="520">
      <subfield code="a">España casi ha agotado las posibilidades de aprovechamiento sostenible de su potencial hídrico. Esta circunstancia, unida a los efectos negativos que tendrá el cambio climático, conducirá un déficit creciente e inevitable de agua de fácil acceso. Entre las actuaciones obligadas para enfrentar esta situación en el futuro, está la reducción de los consumos, medida que no depende solo de la disponibilidad de medios técnicos e infraestructuras adecuadas, sino, y en un alto grado, de una conciencia social de ahorro globalizada que haga posible la introducción y uso efectivo de estas tecnologías. La investigación, cuyos resultados se exponen en este informe, se ha desarrollado sobre el impacto de la conciencia social de ahorro sobre las tasas de consumo domestico de agua, según las diferentes tipologías edificatorias.</subfield>
   </datafield>
   <datafield ind2=" " ind1=" " tag="520">
      <subfield code="a">Espanya quasi ha esgotat les possibilitats d‟aprofitament sostenible del seu potencial hídric. Aquesta circumstància, unida als efectes negatius que tindrà el canvi climàtic, conduirà a un dèficit creixent i inevitable d‟aigua de fàcil accés. Entre les actuacions obligades per fer front a aquesta situació en un futur, està la reducció dels consums, que no depèn només de la disponibilitat dels mitjans tècnics i infraestructures adequades, sinó, i en un alt grau, d‟una consciència social d‟estalvi globalitzada que faci possible la introducció i ús efectiu d‟aquestes tecnologies. La investigació, els resultats de la qual s‟exposen en aquest informe, s‟ha desenvolupat sobre l‟ impacte de la consciència social d‟estalvi sobre les taxes de consum domèstic d‟aigua, segons les diferents tipologies edificatòries.</subfield>
   </datafield>
   <datafield ind2=" " ind1=" " tag="520">
      <subfield code="a">Spain has almost exhausted the possibilities of sustainable use of its water potential. This, coupled with the negative effects climate change will have, will lead to a growing and inevitable deficit of easy access to water. Among the actions required to address this future situation is a reduction in consumption, as it depends not only on the availability of technical resources and adequate infrastructure, but also a high degree of social awareness. This awareness leads to global savings that facilitate the introduction and effective use of new cleaner technologies. The study, whose results are presented in this report, is done on the impact of social consciousness of saving on the rate of domestic water consumption in various types of buildings.</subfield>
   </datafield>
   <datafield tag="653" ind2=" " ind1=" ">
      <subfield code="a">Àrees temàtiques de la UPC::Desenvolupament humà i sostenible::Política i gestió ambiental::Gestió de l'aigua</subfield>
   </datafield>
   <datafield tag="653" ind2=" " ind1=" ">
      <subfield code="a">Water conservation</subfield>
   </datafield>
   <datafield tag="653" ind2=" " ind1=" ">
      <subfield code="a">Water consumption</subfield>
   </datafield>
   <datafield tag="653" ind2=" " ind1=" ">
      <subfield code="a">Conciencia social</subfield>
   </datafield>
   <datafield tag="653" ind2=" " ind1=" ">
      <subfield code="a">Ahorro de agua</subfield>
   </datafield>
   <datafield tag="653" ind2=" " ind1=" ">
      <subfield code="a">Encuestas</subfield>
   </datafield>
   <datafield tag="653" ind2=" " ind1=" ">
      <subfield code="a">Patrones de consumo de agua</subfield>
   </datafield>
   <datafield tag="653" ind2=" " ind1=" ">
      <subfield code="a">Consciència social</subfield>
   </datafield>
   <datafield tag="653" ind2=" " ind1=" ">
      <subfield code="a">Estalvi d'aigua</subfield>
   </datafield>
   <datafield tag="653" ind2=" " ind1=" ">
      <subfield code="a">Enquestes</subfield>
   </datafield>
   <datafield tag="653" ind2=" " ind1=" ">
      <subfield code="a">Patrons de consum d'aigua</subfield>
   </datafield>
   <datafield tag="653" ind2=" " ind1=" ">
      <subfield code="a">Social awareness</subfield>
   </datafield>
   <datafield tag="653" ind2=" " ind1=" ">
      <subfield code="a">Water conservation</subfield>
   </datafield>
   <datafield tag="653" ind2=" " ind1=" ">
      <subfield code="a">Surveys</subfield>
   </datafield>
   <datafield tag="653" ind2=" " ind1=" ">
      <subfield code="a">Water consumption patterns</subfield>
   </datafield>
   <datafield tag="653" ind2=" " ind1=" ">
      <subfield code="a">Aigua -- Consum</subfield>
   </datafield>
   <datafield tag="653" ind2=" " ind1=" ">
      <subfield code="a">Aigua -- Estalvi</subfield>
   </datafield>
   <datafield ind2="0" ind1="0" tag="245">
      <subfield code="a">Conciencia social y ahorro de agua doméstica según las diferentes tipologías urbanas</subfield>
   </datafield>
</record></metadata></record></GetRecord></OAI-PMH>